000 00612nam a2200193Ia 4500
003 GCL
008 140319s9999 xx 000 0 ara d
040 _aGCL /
_cGCL
082 0 4 _a212.2
_bن ر
100 1 _aنظمى خليل ابوالعطا
245 1 0 _aرسالة الى الشاب المسلم /
_cنظمى خليل ابوالعطا
260 _a[S.N] :
_bمكتبة النور للطباعة والتوزيع ،
_c1988
300 _a107 ص
490 _a
650 0 4 _aالاسلام
650 0 4 _aالاخلاق الاسلامية
650 0 4 _aالاداب الاسلامية
942 _2ddc
_cBK
999 _c54505
_d54505